| 000 | 00604nam a2200229Ia 4500 | ||
|---|---|---|---|
| 008 | 160418s9999 xx 000 0 und d | ||
| 020 | _a971-08-6417-3 | ||
| 050 | _aFIL DS 675.8 | ||
| 050 | _b.R5Z85 2004 c.2 | ||
| 100 | _aZulueta, Francisco M. | ||
| 245 | _aRizal : | ||
| 245 | _blife, works, and ideals / | ||
| 245 | _cFrancisco M. Zulueta. | ||
| 260 | _aMandaluyong: | ||
| 260 | _bNational Books Store, | ||
| 260 | _c2004 | ||
| 300 | _a260 pages : | ||
| 300 | _billustrations ; | ||
| 300 | _c22 cm. | ||
| 650 | _aRizal, Jose P. -- Biography. | ||
| 650 | _xRizal, Jose P., 1861-1896. | ||
| 999 |
_c293660 _d293660 |
||